| 000 | 01221nam0a22003251 4500 | ||
|---|---|---|---|
| 001 | rc\4780417 | ||
| 005 | 20130417102632.1 | ||
| 021 |
_aRU _b[67-104685] |
||
| 035 | _a(NLR Aleph) 009028804 | ||
| 090 |
_a9475629 _c9475629 |
||
| 100 | _a20130417d1967 |||y0rusy50 ca | ||
| 101 | 1 |
_arus _cjpn |
|
| 102 | _aRU | ||
| 105 | _aa z ||||| | ||
| 200 | 1 |
_aНовое лицо японской промышленности _fПод ред. К. Нагасу _gПер. с яп. В.Б. Рамзеса _gОбщ. ред. С.Б. Русецкого _gПредисл. Я.А. Певзнера |
|
| 210 |
_aМосква _cПрогресс _d1967 |
||
| 215 |
_a440 с., 3 л. ил. _cил. _d22 |
||
| 300 | _aАвт. глав: К. Нагасу, Т. Итакура, С. Охаси и др. | ||
| 606 |
_aПромышленность _yЯпония _2psbo |
||
| 701 | 1 |
_aИтакура _bТ. |
|
| 701 | 1 |
_aНагасу _bК. _4340 |
|
| 701 | 1 |
_aОхаси _bС. |
|
| 702 | 1 |
_aПевзнер _bЯ. А. _4080 |
|
| 702 | 1 |
_aРамзес _bВ. Б. _4730 |
|
| 702 | 1 |
_aРусецкий _bС. Б. _gСергей Борисович _4340 |
|
| 801 | 0 |
_aRU _bNLR _gpsbo |
|
| 801 | 1 |
_aRU _bELAR _2rusmarc |
|
| 852 |
_aNLR _j68-5/345 |
||
| 942 | _cBOOK | ||
| 980 | _aNB | ||